Cổ thi tác dịch : Thơ bốn câu của các tác giả Đường - Tống ( Trung Quốc ) và Lý - Trần ( Việt Nam )
שמור ב:
| פורמט: | ספר |
|---|---|
| שפה: | Undetermined |
| יצא לאור: |
Hà Nội
Văn học
1998
|
| נושאים: | |
| תגים: |
הוספת תג
אין תגיות, היה/י הראשונ/ה לתייג את הרשומה!
|
| Thư viện lưu trữ: | Trung tâm Học liệu Trường Đại học Cần Thơ |
|---|
| LEADER | 00619nam a2200181Ia 4500 | ||
|---|---|---|---|
| 001 | CTU_28758 | ||
| 008 | 210402s9999 xx 000 0 und d | ||
| 082 | |a 895.11 | ||
| 082 | |b C450 | ||
| 245 | 0 | |a Cổ thi tác dịch : | |
| 245 | 0 | |b Thơ bốn câu của các tác giả Đường - Tống ( Trung Quốc ) và Lý - Trần ( Việt Nam ) | |
| 245 | 0 | |c Thái Bá Tân tuyển dịch | |
| 260 | |a Hà Nội | ||
| 260 | |b Văn học | ||
| 260 | |c 1998 | ||
| 650 | |a Chinese poetry,Vietnamese poetry | ||
| 904 | |i Trọng Hải | ||
| 980 | |a Trung tâm Học liệu Trường Đại học Cần Thơ | ||